000 00486nam a2200181Ia 4500
005 20250508151534.0
008 008 250505s9999 xx 000 0 eng d
037 _aReference
040 _aFEDL
_beng
_cFEDL
041 _aeng
_2eng
084 _a150, EYS
_qFEDL
100 _aEysenck H J
245 0 _aUses and abuses of psychology
260 _aHarmondsworth
_bPenguin Books Limited
_c1954
300 _a318p.
942 _cREF
_h150, EYS
999 _c1330476
_d1330476